2020-2021 UEFA Champions League Clubs - Statistics

General Stats
  • This quiz has been taken 1,142 times
  • The average score is 19 of 32
Answer Stats
Group Team % Correct
Group C Manchester City
97%
Group B Real Madrid
96%
Group E Chelsea
94%
Group A Bayern Munich
93%
Group H Manchester United
93%
Group G Barcelona
92%
Group D Liverpool
92%
Group H Paris Saint-Germain FC
91%
Group F Borussia Dortmund
90%
Group B Inter Milan
89%
Group G Juventus
89%
Group A Atlético Madrid
88%
Group C Porto
73%
Group D AFC Ajax
69%
Group E Sevilla
68%
Group C Olympique Marseille
67%
Group H RB Leipzig
64%
Group F Lazio
55%
Group D Atalanta
50%
Group B Shakhtar Donetsk
49%
Group F Club Brugge
40%
Group G Dynamo Kyiv
39%
Group A Red Bull Salzburg
36%
Group C Olympiacos
34%
Group F Zenit Saint Petersburg
34%
Group B Borussia Mönchengladbach
31%
Group E Stade Rennais FC
23%
Group A Lokomotiv Moscow
19%
Group H İstanbul Başakşehir
18%
Group G Ferencváros
16%
Group E Krasnodar
15%
Group D Midtjylland
11%
No matching quizzes found
Score Distribution
Percent of People with Each Score
Percentile by Number Answered
Your Score History
You have not taken this quiz